| 000 | 01241nmc a2200409 a 4500 | ||
|---|---|---|---|
| 003 | AR-BaBNM | ||
| 005 | 20251128204912.0 | ||
| 008 | 146019s1990 ||||||||||||||000 | spa|| | ||
| 020 | _a84-7133-565-4 | ||
| 040 | _cAR-BaBNM | ||
| 100 | 1 | _aCohen, Louis | |
| 245 | 1 | 0 | _aMétodos de investigación educativa |
| 260 |
_aMadrid _bLa Muralla _c1990 |
||
| 300 | 0 |
_a502 p. _bgráfs., tablas |
|
| 490 | 0 | _aAula abierta | |
| 500 | 0 | _aLista de publicaciones periódicas abreviadas en el texto: p. 481-482 | |
| 500 | 0 | _aIndice de cuadros y figuras: p. 483-488 | |
| 500 | 0 | _aIndice alfabético: p. 489-502 | |
| 504 | _aBibliografía: p. 463-480 | ||
| 650 | 4 | _aOBSERVACION | |
| 650 | 4 | _aENTREVISTAS | |
| 650 | 4 | _aMETODOS DE INVESTIGACION | |
| 650 | 4 | _aPSICODRAMA | |
| 650 | 4 | _aANALISIS DE REDES | |
| 650 | 4 | _aESTUDIOS DE CASOS | |
| 650 | 4 | _aINVESTIGACION EMPIRICA | |
| 650 | 4 | _aINVESTIGACION EXPERIMENTAL | |
| 651 | 4 | _aReino Unido | |
| 653 | 0 | _aINVESTIGACION ACCION | |
| 653 | 0 | _aINVESTIGACION EDUCATIVA | |
| 700 | 1 | _aManion, Lawrence | |
| 700 | 1 |
_aAgudo López, Francisco _etraductor |
|
| 700 | 1 |
_aCasanova, María Antonia _erevisión |
|
| 800 | 1 |
_aCasanova, María Antonia _edirector |
|
| 942 | _cBK | ||
| 998 | _csilvi | ||
| 999 |
_c9264 _d9264 |
||